书目信息 |
| 题名: |
施工企业会计
|
|
| 作者: | 王玉红 编著 | |
| 分册: | ||
| 出版信息: | 大连 东北财经大学出版社 2019.8 |
|
| 页数: | 424页 | |
| 开本: | 24cm | |
| 丛书名: | 东北财经大学会计丛书 | |
| 单 册: | ||
| 中图分类: | F235.3 | |
| 科图分类: | ||
| 主题词: | 施工企业--shi gong qi ye--基本建设会计--高等学校--教材 | |
| 电子资源: | ||
| ISBN: | 978-7-5654-3641-3 | |
| 000 | 01246oam2 2200313 450 | |
| 001 | 2131732913 | |
| 005 | 20211003090505.14 | |
| 010 | @a978-7-5654-3641-3@dCNY55.00 | |
| 100 | @a20200526d2019 ekmy0chiy0120 ea | |
| 101 | 0 | @achi |
| 102 | @aCN@b210000 | |
| 105 | @aak a 000yy | |
| 106 | @ar | |
| 200 | 1 | @a施工企业会计@Ashi gong qi ye hui ji@dAccounting for construction enterprises@f王玉红编著@zeng |
| 205 | @a5版 | |
| 210 | @a大连@c东北财经大学出版社@d2019.8 | |
| 215 | @a424页@c图@d24cm | |
| 225 | 2 | @a东北财经大学会计丛书@Adong bei cai jing da xue hui ji cong shu |
| 320 | @a有书目 | |
| 330 | @a此次修订,重在结合施工企业实际和最新的会计准则,更新内容、精练各章例题。 | |
| 333 | @a辽宁省“十二五”普通高等教育本科省级规划教材 | |
| 333 | @a本书既可作为施工企业财会人员的业务学习用书、各高等院校工程管理专业施工企业会计课程的教材,又可作为一级注册建造师考试的参考书,以及工程管理相关业务人员的自学教材和参考书 | |
| 461 | 0 | @12001 @a东北财经大学会计丛书 |
| 510 | 1 | @aAccounting for construction enterprises@zeng |
| 606 | 0 | @a施工企业@Ashi gong qi ye@x基本建设会计@x高等学校@j教材 |
| 690 | @aF235.3@v5 | |
| 701 | 0 | @a王玉红@Awang yu hong@4编著 |
| 801 | 0 | @aCN@b百万庄@c20210929 |
| 905 | @b1303314-17@dF235.3@e705=5@f4 | |
| 施工企业会计=Accounting for construction enterprises/王玉红编著.-5版.-大连:东北财经大学出版社,2019.8 |
| 424页:图;24cm.-(东北财经大学会计丛书) |
| 使用对象:辽宁省“十二五”普通高等教育本科省级规划教材.-;本书既可作为施工企业财会人员的业务学习用书、各高等院校工程管理专业施工企业会计课程的教材,又可作为一级注册建造师考试的参考书,以及工程管理相关业务人员的自学教材和参考书 |
| ISBN 978-7-5654-3641-3:CNY55.00 |
| 此次修订,重在结合施工企业实际和最新的会计准则,更新内容、精练各章例题。 |
| ● |
| 相关链接 |
|
|
|
|
正题名:施工企业会计
索取号:F235.3/705=5
 
预约/预借
| 序号 | 登录号 | 条形码 | 馆藏地/架位号 | 状态 | 备注 |
| 1 | 1303314 | 213033144 | 第一样本阅览室/ [索取号:F235.3/705=5] | 在馆 | |
| 2 | 1303315 | 213033153 | 第一借阅区/ [索取号:F235.3/705=5] | 在馆 | |
| 3 | 1303316 | 213033162 | 第一借阅区/ [索取号:F235.3/705=5] | 在馆 | |
| 4 | 1303317 | 213033171 | 第一借阅区/ [索取号:F235.3/705=5] | 在馆 |